Estudio de prefactibilidad técnica, socioeconómica y ambiental de la construcción de puente peatonal en el estero de la bahía de San Juan del Sur
Presenta estudio de prefactibilidad técnica, socioeconómica y ambiental de la construcción de puente peatonal en el estero de la bahía de San Juan del Sur, presenta un estudio de mercado, estudio de impacto ambiental, financiero y socioeconómico del proyecto.
| Main Authors: | , , |
|---|---|
| Other Authors: | |
| Format: | Tesis Section = Libro |
| Language: | Undetermined Spanish |
| Published: |
Managua
UNI
2011
|
| Subjects: |
| LEADER | 01263nam a2200289Ia 4500 | ||
|---|---|---|---|
| 008 | 240830s9999 xx 000 0 und d | ||
| 040 | |a BIBLIOTECA-RUPAP T.Mon 624.3 M614 | ||
| 041 | |a spa | ||
| 082 | |a T.Mon 624.3 M614 | ||
| 100 | 1 | |a Meynard Coulson, Cairo Alberto | |
| 100 | 1 | |b Parrales Cerros, Cristian Guadalupe | |
| 100 | 1 | |c Gutiérrez Moreira, Jonathan Ignacio | |
| 245 | 1 | 0 | |a Estudio de prefactibilidad técnica, socioeconómica y ambiental de la construcción de puente peatonal en el estero de la bahía de San Juan del Sur |
| 260 | |a Managua |b UNI |c 2011 | ||
| 300 | |a 108 p. :il. | ||
| 500 | |a Contiene: anexos. | ||
| 502 | |a Tesis (Ingeniero Civil)- UNI, 2011. | ||
| 520 | 3 | |a Presenta estudio de prefactibilidad técnica, socioeconómica y ambiental de la construcción de puente peatonal en el estero de la bahía de San Juan del Sur, presenta un estudio de mercado, estudio de impacto ambiental, financiero y socioeconómico del proyecto. | |
| 650 | 7 | |a PUENTES | |
| 650 | 7 | |b PUENTES PEATONALES | |
| 650 | 7 | |c PUENTES - DISEÑO Y CONSTRUCCION | |
| 650 | 7 | |d ESTUDIO DE FACTIBILIDAD | |
| 650 | 7 | |e PUENTES - ASPECTO AMBIENTAL | |
| 700 | 1 | |a Tutor: |b Navarrete Alemán, Pedro Joaquín | |
| 942 | |c BK |2 ddc | ||
| 991 | |a TESIS | ||
| 999 | |c 18158 | ||